Estonie, Lettonie ou Lituanie ? - Statistiques

Statistiques générales
  • Ce quiz a été pris 164 fois
  • Le résultat moyen est 5 sur 10
Statistiques - réponses
Question Réponse % Correct
Quel est le pays le plus grand ? Lituanie
74%
Dans quel pays se situe Kaunas ? Lituanie
67%
Quel est le pays ayant la plus grande surface d'eau (en %) ? Estonie
64%
Quel est le pays le plus peuplé ? Lituanie
64%
Quel est le pays ayant le plus haut taux de chômage ? Lettonie
51%
Quel est le pays ayant le plus haut taux de suicide d'Europe ? Lituanie
38%
Quel est le pays ayant le plus haut taux de fécondité ? Estonie
36%
Quel est le pays ayant la plus basse espérance de vie ? Lettonie
33%
Quel est le pays qui a le point culminant le plus élevé ? Estonie
23%
Quel est le pays qui a le plus grand nombre de lacs ? Lettonie
15%
Aucun quiz correspondant
Distribution des résultats
% des personnes avec chaque résultat
Percentile par nombre de réponses
Votre historique - résultats
Vous n’avez pas pris ce quiz